MARC

LEADER 00000nam0a2200000 4500
001 332180
005 20231102004429.0
035 |a (RuTPU)RU\TPU\book\358082 
035 |a RU\TPU\book\358078 
090 |a 332180 
100 |a 20170517d1887 k y0rusy50 ca 
101 0 |a rus  |a ger 
102 |a RU 
105 |a a z 001zy 
200 1 |a Описание остатков растений артинских и пермских отложений  |f И. И. Шмальгаузен 
210 |a Санкт-Петербург  |c Типография А. Якобсона  |d 1887 
215 |a 42 с.  |c с 7-ю табл. 
225 1 |a Труды Геологического Комитета  |v Т. 2, № 4 
300 |a Краткое изложение книги на нем. яз. в конце издания 
316 |5 63413507: 18//625  |a На форзаце: "Библиотека С. Н. Кулибина" 
317 |5 63413507: 18//625  |a Поступила в НТБ в 1900 году в составе книжного собрания С. Н. Кулибина 
320 |a Таблицы к описанию остатков растений артинских и пермских отложенийв конце кн. 
510 1 |a Die Pelanzenreste Artinskschen und Permischen Ablagerungen im Osten der Europäischen Russland  |z ger 
606 1 |a Палеонтология  |2 stltpush  |3 (RuTPU)RU\TPU\subj\47998  |9 66880 
610 1 |a растительные остатки 
610 1 |a отложения 
610 1 |a растения 
610 1 |a ископаемые 
610 1 |a ископаемые водоросли 
610 1 |a ископаемые остатки 
610 1 |a ископаемые растения 
610 1 |a артинские отложения 
610 1 |a пермские отложения 
610 1 |a библиотека С. Н. Кулибина 
675 |a 56  |v 4 
700 1 |a Шмальгаузен  |b И. И.  |g Иван Иванович 
801 1 |a RU  |b 63413507  |c 20170517 
801 2 |a RU  |b 63413507  |c 20170517  |g RCR 
942 |c BK